| 000 | 00666nam a2200193Ia 4500 | ||
|---|---|---|---|
| 008 | 151121s9999||||xx |||||||||||||| ||und|| | ||
| 082 | _a294।5/रानडे | ||
| 082 | _bHNW-14896 | ||
| 100 | _aरानडे रा। द। | ||
| 245 | _aज्ञानेश्वरवचनामृत | ||
| 260 | _b"आर्यभूषण प्रेस, पुणे।" | ||
| 260 | _c-- | ||
| 300 | _a215 | ||
| 600 | _aरानडे रा। द। | ||
| 630 | _aज्ञानेश्वरवचनामृत | ||
| 700 | _aरानडे रा। द। | ||
| 730 | _aज्ञानेश्वरवचनामृत | ||
| 942 | _cBOOK | ||
| 999 |
_c1218319 _d1218316 |
||